Statistiques concernant Championnat F1 2024

Cliquez ici pour prendre le quiz!

Statistiques générales

  • Ce quiz a été pris 143 fois
  • Le résultat moyen est 18 sur 21

Réponses sur la Carte

Les réponses sont colorées sur une échelle allant du rouge au vert en fonction du pourcentage des utilisateurs qui les ont devinées à leur premier essai. Vous pouvez retrouver ces pourcentages ci-dessous.
 

Statistiques - réponses

Réponse% Correct
Australie
97%
Espagne
97%
États Unis
97%
Italie
97%
Japon
97%
Mexique
97%
Canada
95%
Brésil
94%
Royaume-Uni
93%
Chine
92%
Belgique
90%
Arabie saoudite
89%
Monaco
83%
Pays-Bas
81%
Bahrein
77%
Qatar
77%
Autriche
73%
Émirats arabes unis
65%
Singapour
63%
Hongrie
58%
Azerbaïdjan
56%

Distribution des résultats

Percentile par nombre de réponses

% des personnes avec chaque résultat

Votre développement - résultats

Vous n’avez pas pris ce quiz